LEADER 01129nam 2200385 450 001 990000702670203316 010 $a88-14-04838-X 035 $a0070267 035 $aUSA010070267 035 $a(ALEPH)000070267USA01 035 $a0070267 100 $a20011022d1994----km-y0itay0103----ba 101 $aita 102 $aIT 105 $a||||||||001yy 200 1 $aCodice delle leggi dello stato civile$eaggiornamento$f Giuseppe Di Giovine, Giancarlo Zappa 210 $aMilano$cA. Giuffrè$d1994 215 $a143 p.$d19 cm 410 $12001 606 0 $aStato civile$xLegislazione 676 $a346.4501 702 1$aDI GIOVINE,$bGiuseppe 702 1$aZAPPA,$bGiancarlo 710 01$aITALIA$0423419 801 0$aIT$bsalbc$gISBD 912 $a990000702670203316 951 $aCODEX 87 AGG.94$b5181 G$cCODEX 959 $aBK 969 $aGIU 979 $aPATTY$b90$c20011022$lUSA01$h2040 979 $c20020403$lUSA01$h1719 979 $aPATRY$b90$c20040406$lUSA01$h1648 979 $aPATRY$b90$c20061017$lUSA01$h1724 996 $aCodice delle leggi dello stato civile$9575448 997 $aUNISA LEADER 00953nam0-22003251i-450- 001 990005861530403321 005 20100906112526.0 010 $a88-7989-281-9 035 $a000586153 035 $aFED01000586153 035 $a(Aleph)000586153FED01 035 $a000586153 100 $a20000421d1993----km-y0itay50------ba 101 1 $aita 105 $ay-------001yy 200 1 $aRitorno in Germania$fHannah Arendt$gintroduzione di Angelo Bolaffi$gtraduzione di Pierpaolo Ciccarelli 210 $aRoma$cDonzelli$dc1993 215 $a64 p.$d18 cm 225 1 $aSaggine$v21 676 $a943.087$v21$zita 700 1$aArendt,$bHannah$f<1906-1975>$038902 702 1$aBolaffi,$bAngelo$f<1946- > 702 1$aCiccarelli,$bPierpaolo 801 0$aIT$bUNINA$gRICA$2UNIMARC 901 $aBK 912 $a990005861530403321 952 $a943.087 ARE 1$bBIBL.28275$fFLFBC 959 $aFLFBC 996 $aRitorno in Germania$9564953 997 $aUNINA LEADER 02627nam 22005893u 450 001 9910787037503321 005 20230803205502.0 010 $a1-909810-69-X 035 $a(CKB)3710000000250808 035 $a(EBL)1812496 035 $a(SSID)ssj0001376435 035 $a(PQKBManifestationID)11761759 035 $a(PQKBTitleCode)TC0001376435 035 $a(PQKBWorkID)11368061 035 $a(PQKB)10354477 035 $a(MiAaPQ)EBC1812496 035 $a(MiAaPQ)EBC3384816 035 $a(Au-PeEL)EBL1812496 035 $a(OCoLC)892856532 035 $a(EXLCZ)993710000000250808 100 $a20141013d2014|||| u|| | 101 0 $aeng 135 $aur|n|---||||| 181 $ctxt 182 $cc 183 $acr 200 10$aIntellectual Disabilities and Personality Disorder$b[electronic resource] $eAn integrated approach 210 $aHove $cPavilion Publishing$d2014 215 $a1 online resource (478 p.) 300 $aDescription based upon print version of record. 311 $a1-322-17004-5 311 $a1-909810-35-5 327 $aChapter 11: Suicidal behaviour, self-harm and self-injury Chapter 12: Crisis management; Chapter 13: Difficulties engaging with services; Chapter 14: Tensions, disagreements and unhelpful responses within and between teams; Chapter 15: Difficulties with relatives, family and partners; Glossary 330 $aIndividuals with intellectual disabilities and personality disorders can be very complex to support and few LD trained staff have the skills to address their needs. Many approaches traditionally developed and used with individuals with personality disorder are too complex to use with people with learning disabilities without skilled adaptation. This handbook bridges this gap in resources and gives staff a framework for understanding and addressing the problems that arise when an individual has both intellectual disabilities and a personality disorder. The handbook introduces personality disor 606 $aPersons with Mental Disabilities 606 $aPersonality Disorders 606 $aIntellectual Disability 606 $aLearning Disabilities 615 12$aPersons with Mental Disabilities. 615 12$aPersonality Disorders. 615 22$aIntellectual Disability. 615 22$aLearning Disabilities. 676 $a616.8581 700 $aWebb$b Zillah$01520117 702 $aMorash$b Phil 801 0$bAU-PeEL 801 1$bAU-PeEL 801 2$bAU-PeEL 906 $aBOOK 912 $a9910787037503321 996 $aIntellectual Disabilities and Personality Disorder$93758614 997 $aUNINA